Fuentes de información geografica : la argentina /
Guardado en:
| Autor Principal: | |
|---|---|
| Otros Autores: | , , |
| Formato: | Libro |
| Publicado: |
Buenos Aires :
Aique
|
| Series: | Colección Libros y + Egb 3
|
| Materias: | |
| Etiquetas: |
Agregar Etiqueta
Sin Etiquetas, Sea el primero en etiquetar este registro!
|
| LEADER | 01173nam a22003015a 4500 | ||
|---|---|---|---|
| 001 | CEM.cems010915 | ||
| 005 | 20080303165700.0 | ||
| 008 | 130507b######################000#0#####d | ||
| 003 | CEMS | ||
| 020 | |a 9507016724 | ||
| 082 | 0 | 4 | |a 302 |
| 100 | 1 | |a Alonso, Maria Ernestina | |
| 245 | 1 | 0 | |a Fuentes de información geografica : |b la argentina / |c Coordinado Por María Ernestina Alonso |
| 260 | |a Buenos Aires : |b Aique | ||
| 300 | |a 31 p. | ||
| 490 | 0 | |a Colección Libros y + Egb 3 | |
| 500 | |a Anexo al libro de Ciencias Sociales 9 Egb | ||
| 653 | |a Geografía argentina | ||
| 653 | |a Ciencias sociales-9º egb | ||
| 653 | |a Argentina-estadísticas | ||
| 700 | 1 | |a Bllanco, Jorge | |
| 700 | 1 | |a Fernández Caso, María Victoria | |
| 700 | 1 | |a Gurevich, Raquel Edith | |
| 859 | |a CEMS |b BIB. CEMS - 11 de abril |h 302 |i Al64-2 |p 21659.02 |t Ej.1 |v 9º |3 9º | ||
| 859 | |a CEMS |b BIB. CEMS - 11 de abril |h 302 |i Al64-2 |p 21660.02 |t Ej.2 |v 9º |3 9º | ||
| 859 | |a CEMS |b BIB. CEMS - 11 de abril |h 302 |i Al64-2 |p 21661.02 |t Ej.3 |v 9º |3 9º | ||
| 859 | |a CEMS |b BIB. CEMS - 11 de abril |h 302 |i Al64-2 |p 21662.02 |t Ej.4 |v 9º |3 9º | ||
| 859 | |a CEMS |b BIB. CEMS - 11 de abril |h 302 |i Al64-2 |p 21663.02 |t Ej.5 |v 9º |3 9º | ||
